000 01710nam a2200385 c 4500
001 59509
003 CO-BoRNBP
005 20251022133236.0
007 ta
008 250128s2024 ck ||gr ||| 00| pdspa d
020 _a9786287729346
040 _aCO-BoRNBP
_bspa
_erda
_cCO-BoRNBP
041 0 _aspa
043 _as-ck---
084 _aP
100 _aGiraldo, Luz Mery,
_d1950- ,
_eaut
_965788
245 1 0 _aContar la vida como contar los pasos /
_cLuz Mary Giraldo... [y otros sesenta y un autores].
250 _aEdición especial
264 1 _aBogotá, Colombia :
_bSílaba Editores,
_c2024
300 _a411 páginas
336 _atexto
_btxt
_2rdacontent
337 _asin mediación
_bn
_2rdamedia
338 _avolumen
_bnc
_2rdacarrier
520 _aCon este poemario: Nostalgia de un tambor, la poeta Lyda Cristina López, se sitúa dentro de la gran tradición de la poesía afro-hispanoamericana, responsable de incorporar el ritmo anfíbraco a la poesía castellana. Aquí escuchamos el ritmo del tambor de Yemayá, la diosa africana del mar quien, con su sensualidad femenina hace girar el Orbe, entre el asenso y el descenso de las aguas hacia el océano
545 _aIncluye datos biográficos de los autores
650 0 7 _aAfrocolombianos
_xReligión y mitología
_2LEMB
_965789
650 0 7 _aAntología poética
_2lemb
_916956
650 0 7 _aReflexiones personales en la poesía
_2lemb
_965790
650 0 4 _aPoesía colombiana
_ySiglo XX
_2LEMB
_91178
650 0 4 _aLiteratura colombiana
_2LEMB
_91068
700 _aAlonso, Lina
_eaut
_91129
700 _aAndrade, María Mercedes,
_d1971-
_eaut
_965791
700 _aAraújo Ortiz, Helena
_d1934-2015
_eaut
_965792
942 _2loc
_cBKLIT
999 _c59509
_d59509